000 00676nam a2200253Ia 4500
005 20260121161048.0
008 008 260114s9999 xx 000 0 eng d
020 _a9781003113546
037 _aEBOOK
040 _aCRL
040 _beng
040 _cCRL
041 _2eng
041 _aeng
084 _qCRL
100 _a Antoinette Burton; Patrick Brantlinger; Deborah Logan; Kitty Sklar
_91039733
245 0 _aHarriet Martineau's Writing on the British Empire, Vol 4
260 _bTaylor and Francis
260 _c2004
856 _uhttp://www.taylorfrancis.com/books/9781003113546
942 _cEBOOK
999 _c1606549
_d1606549